| 000 | 00832nam a2200229 a 4500 | ||
|---|---|---|---|
| 001 | 000023056 | ||
| 005 | 20200930021947.0 | ||
| 008 | 101125s2001 mx a 001 0 spa d | ||
| 020 | _a9684444850 | ||
| 040 |
_aDO-SdBNP _bspa _cBNPHU |
||
| 082 |
_a004 _bL665c |
||
| 100 | 1 |
_aLevine Gutiérrez, Guillermo _943945 |
|
| 245 | 1 | 0 |
_aComputación y programación moderna : _bperspectiva integral de la informática / _cGuillermo Levine Gutiérrez ; edición de José Luis Vázquez Chavarría. |
| 260 |
_aMéxico : _bPearson Educación, _c2001. |
||
| 300 |
_axxvi, 609 p. : _bil. ; _c26 cm. |
||
| 500 | _aIncluye índice alfabético. | ||
| 650 | 4 |
_aComputadores _94473 |
|
| 650 | 4 |
_aProgramación (computadores electrónicos digitales) _947456 |
|
| 700 | 1 |
_aVázquez Chavarría, José Luis, _eed. _947347 |
|
| 910 | _aWM | ||
| 049 | _aBNGR | ||
| 999 |
_c22553 _d22553 |
||